Improving the performance of property companies (Record no. 104892)
[ view plain ]
| 000 -LEADER | |
|---|---|
| fixed length control field | 02163cam a2200169 4500 |
| 001 - CONTROL NUMBER | |
| control field | ##L131878 |
| 008 - FIXED-LENGTH DATA ELEMENTS--GENERAL INFORMATION | |
| fixed length control field | 051213n1999 000 0 eng u |
| 035 ## - SYSTEM CONTROL NUMBER | |
| System control number | (Sirsi) u131878 |
| 041 0# - LANGUAGE CODE | |
| Language code of text/sound track or separate title | eng |
| 100 1# - MAIN ENTRY--PERSONAL NAME | |
| Personal name | Hobbs, Peter |
| 245 00 - TITLE STATEMENT | |
| Title | Improving the performance of property companies |
| 260 ## - PUBLICATION, DISTRIBUTION, ETC. | |
| Place of publication, distribution, etc. | London |
| Name of publisher, distributor, etc. | RICS |
| Date of publication, distribution, etc. | 1999 |
| 520 ## - SUMMARY, ETC. | |
| Summary, etc. | The marked variations in the performance of property companies is well-recognised (see for instance Commerzbank, 1999) These variations, which occur both within property cycles and over longer periods of term, appear to be independent of particular company attributes such as size or portfolio weighting. Despite these variations, there has been limited analysis of the determinants of this differential performance. It is within this context that the paper seeks to improve understanding of the performance of property companies.Scope of the paper The paper starts by demonstrating the variations in performance of UK property companies over time and by sector, on a range of measures. Following the description of differential performance, the paper provides a summary of the insights provided by two distinct theoretical perspectives on the processes of change in property companies: First, the structure and agency perspective (Healey and Barrett, 1990; Guy and Henneberry, 1998; Hobbs, 1998), especially as it relates to the structural constraintss on the performance of individual companies and the scope for individual companies to challenge and run counter to structural forces. Second, the business management literature in understanding differential performance (McTaggart et al, 1994; Morrhead and Griffen, 1995; Obeng, 1996), especially in terms of the scope to develop different types of competitive advantage. On the basis of the theoretical insights, the paper develops a framework and set of criteria to explain the differential performance of property companies. This framework is applied to specific UK property companies to demonstate its relevance in helping understand historic and potential performance. |
| 520 ## - SUMMARY, ETC. | |
| Summary, etc. | This item is no longer available. |
| 700 1# - ADDED ENTRY--PERSONAL NAME | |
| Personal name | Chivers, Mark |
| 942 ## - ADDED ENTRY ELEMENTS (KOHA) | |
| Suppress in OPAC | 0 |
| Withdrawn status | Lost status | Source of classification or shelving scheme | Damaged status | Not for loan | Home library | Current library | Shelving location | Date acquired | Total Checkouts | Full call number | Barcode | Date last seen | Copy number | Price effective from | Koha item type |
|---|---|---|---|---|---|---|---|---|---|---|---|---|---|---|---|
| Dewey Decimal Classification | Virtual | Virtual | Online | 13/12/2005 | ONLINE PUBLICATION | 131878-1001 | 06/08/2019 | 1 | 06/08/2019 | Book |